| 000 | 00813nam a2200265Ia 4500 | ||
|---|---|---|---|
| 003 | OSt | ||
| 005 | 20221006155845.0 | ||
| 006 | a|||||r|||| 00| 0 | ||
| 007 | ta | ||
| 008 | 221006b |||||||| |||| 00| 0 eng d | ||
| 020 |
_a9780824831998 _c¥12663 |
||
| 024 | _a43,691 | ||
| 037 |
_bGift, Japan Foundation _cTextual |
||
| 040 |
_aEASL _cEASL _beng |
||
| 041 |
_2eng _aeng |
||
| 082 | _aNQ42y7L53, P7 | ||
| 100 |
_aDavis Julie Nelson _9670652 |
||
| 245 | 0 | _aUtamaro and the spectacle of beauty | |
| 260 |
_aHonolulu _bUniversity of Hawaii Press _c2007 |
||
| 300 |
_a296p. _ccm. |
||
| 650 | _a JEL | ||
| 650 |
_aKitagawa - Utamaro - Criticism and interpretation _9670653 |
||
| 942 |
_hNQ42y7L53, P7 _cTEXL _2CC |
||
| 999 |
_c1111777 _d1111777 |
||